Learning Resource and Development

IOT-based rice crop monitoring system (Record no. 11206)

MARC details
000 -LEADER
fixed length control field 01154nam a2200301 i 4500
003 - CONTROL NUMBER IDENTIFIER
control field CSPC
005 - DATE AND TIME OF LATEST TRANSACTION
control field 20240627162438.0
008 - FIXED-LENGTH DATA ELEMENTS--GENERAL INFORMATION
fixed length control field 210302s2020 ph a ab 000 0 eng d
040 ## - CATALOGING SOURCE
Transcribing agency CSPC
Original cataloging agency CSPC
Language of cataloging eng
090 ## - LOCALLY ASSIGNED LC-TYPE CALL NUMBER (OCLC); LOCAL CALL NUMBER (RLIN)
Classification number (OCLC) (R) ; Classification number, CALL (RLIN) (NR) UTH BSECE B644i 2020
100 ## - MAIN ENTRY--PERSONAL NAME
Personal name Boral, Ma. Kirsten Faye R.,
Relator term author.
245 00 - TITLE STATEMENT
Title IOT-based rice crop monitoring system
Statement of responsibility, etc. Ma. Kirsten Faye R. Boral [and 4 others].
260 ## - PUBLICATION, DISTRIBUTION, ETC.
Place of publication, distribution, etc. Nabua, Camarines Sur :
Name of publisher, distributor, etc. Camarines Sur Polytechnic Colleges
Date of publication, distribution, etc. 2020.
300 ## - PHYSICAL DESCRIPTION
Extent 122 leaves.
502 ## - DISSERTATION NOTE
Dissertation note Undergraduate Thesis (BSECE) - Electronics Engineering
Name of granting institution Camarines Sur Polytechnic Colleges, 2020.
504 ## - BIBLIOGRAPHY, ETC. NOTE
Bibliography, etc. note Includes bibliographical references.
700 ## - ADDED ENTRY--PERSONAL NAME
Personal name Dacles, Ella Mae Ll.,
Relator term author.
700 ## - ADDED ENTRY--PERSONAL NAME
Personal name Ilarde, Jarene Mae L.,
Relator term author.
700 ## - ADDED ENTRY--PERSONAL NAME
Personal name Lozano, Kyle Julius P.,
Relator term author.
700 ## - ADDED ENTRY--PERSONAL NAME
Personal name Sales, Christian C.,
Relator term author.
720 ## - ADDED ENTRY--UNCONTROLLED NAME
Name Terano, Harold Jan R.,
Relator term adviser.
720 ## - ADDED ENTRY--UNCONTROLLED NAME
Name Barbonio, Eugene P.,
Relator term panelist, chair
720 ## - ADDED ENTRY--UNCONTROLLED NAME
Name Romulo, Ruel R.,
Relator term panelist.
720 ## - ADDED ENTRY--UNCONTROLLED NAME
Name Oares, Christopher T.,
Relator term panelist.
940 ## - EQUIVALENCE OR CROSS-REFERENCE--UNIFORM TITLE [OBSOLETE] [CAN/MARC only]
Uniform title <a href="Lenie">Lenie</a>
942 ## - ADDED ENTRY ELEMENTS (KOHA)
Source of classification or shelving scheme Dewey Decimal Classification
Koha item type Unpublished Materials
Classification part B644i
Item part BSECE
Call number prefix UTH
Call number suffix 2020
Holdings
Withdrawn status Lost status Source of classification or shelving scheme Damaged status Not for loan Home library Current library Shelving location Date acquired Total Checkouts Full call number Barcode Date last seen Copy number Price effective from Koha item type
    Dewey Decimal Classification     Main Library Main Library Undergraduate Thesis Section 05/12/2023   UTH BSECE B644i 2020 5589UM 05/12/2023 1-1 05/12/2023 Unpublished Materials